000 00359nam a2200133Ia 4500
005 20260328101442.0
008 260328s9999||||xx |||||||||||||| ||und||
100 _aFerguson, Barbara
245 0 _aHow to Design and Build Children's Play equipment /
_cBarbara Ferguson
260 _bOrtho Books
300 _a96 p.
650 _aDISEÑO INDUSTRIAL
942 _cBK
999 _c8309
_d8309